[Event "Verseau U1400"]
[Site "Chambly CAN"]
[Date "2025.02.12"]
[Round "1.10"]
[White "Lecompte, Christian"]
[Black "Laplante, Germain"]
[Result "1-0"]
[Annotator "John Upper"]
[WhiteElo "1275"]
[BlackElo "1212"]
[WhiteFideId "-1"]
[BlackFideId "-1"]
[PlyCount "33"]
[Beauty "8248891297801"]
[GameId "2191150456894991"]
[EventDate "2025.02.12"]
[EventType "swiss"]
[EventRounds "4"]
[EventCountry "CAN"]
[SourceTitle "Chess Canada 25"]
[Source "JohnUpper?CFC"]
[SourceDate "2025.06.29"]
[SourceVersion "1"]
[SourceVersionDate "2026.07.01"]
[SourceQuality "1"]

1. e4 c6 2. d4 d5 3. exd5 cxd5 4. Nf3 a6 5. Be2 h6 6. O-O Bf5 7. Bd3 (7. c4 $32) 7... Bg4 (7... Bxd3 $11) 8. h3 Bxf3 9. Qxf3 e6 10. Nc3 Qf6 {[#] To an experienced player ...f6 "feels" wrong -- that's the natural square for the g8, it leaves squares on the queenside undefended, "knights before queens"...  ... but ...f6 is not much worse than the computer's top choice (c6).} 11. Qg3 $1 {Keeps the s on and eyes the abandoned queenside dark squares.} Qxd4 $2 {This move IS bad, for all the reasons the beginner books tell us: pawn grabbing with the  in the opening, neglecting development, not getting castled... But while those general principles will help you choose candidate moves, they won't help you choose between them when the position is on a knife edge, as this one is now...} 12. Be3 $1 Qb4 {[#]Critical Position  White is way ahead in development, and the black  is in the center, so, as you might expect, White has a forced win.  However, the winning margin is only one move wide (so to speak), and the game would be equal if Black had even a single tempo to develop either .} 13. Qc7 $16 {2nd best, almost -2 worse than the best move.} (13. Nxd5 $142 $3 {On general principles I would expect this to work, but the devil is in the details, and (to me) the fact that the next move is so strong that it wins is not obvious.} exd5 (13... Bd6 14. Qxg7 $18) (13... Qd6 14. Nc7+ $18) {Analysis Diagram [#]} 14. Rfe1 $1 {I know it's easy to underestimate how powerful this threatened discovered check is because my default eval is "Black must have some way out of this"...} Ne7 (14... Be7 $2 15. Qxg7 Bf6 16. Bd4+ $18 ({or} 16. Bc5+ $18)) (14... Kd8 15. c4 {or chase the  and then go c4.} Nf6 $1 16. a3 $1 {is that an obvious candidate move? SF18 rates it as +3 better than the 2nd best move!?}) 15. Qc7 {threatening c5 then c8# is an obvious candidate move, and it does win, but only if after} (15. c3 $1 Qa4 (15... Qxb2 16. Qc7 $18) 16. c4 $1 $18 {Really?  Yes, really. SF18 rates it +3 better to nudge the black  from b4 to a4 before playing c4. [INSERT EXPLANATION HERE] . . . [THIS PAGE LEFT BLANK]}) 15... Nd7 {Analysis Diagram [#]  ...you solve this... Critical Position} 16. Ba7 $3 {OK, that's a preposterous "only move"!  Obviously, ...xa7 allows a back rank mate, but why even consider a7?? The point -- I think -- is to pin the e7 so White will have time to bump the  from defending b7, and then win the queenside pawns to make squares for the s to attack the stranded . When you wrap your head around that -- Black's kingside is burried and so a winning attack on the queenside means winning everywhere -- the main variation (with 15.c3 or 15.a3) makes more sense: the black  is the only thing holding the queenside together, so bumping it will make the queenside collapse. On almost any move, White continues c3 or a3 and then starts taking things on the queenside.}) 13... Nc6 $2 {Allows a pretty tactic. [#] Critical Position} (13... Nd7 {threatens ...d4.}) 14. Bb6 $14 {Misses a nice interference tactic.} (14. Bb5 $8 $18 {threatens xc6 and blocks the defence of b7} axb5 15. Qxb7 $18) 14... Rb8 {Defends b7 and threatens to trap the  with ...d6.} 15. Rfe1 {[#] Critical Position Did White miss something, or did Black?} (15. Nxd5 $1 {is still winning.}) ({Not} 15. Bxa6 $4 Bd6 $8 $19) 15... Bd6 $2 {This would trap the  and win the game, except White can (and must) play...} ({Black could have saved himself with} 15... Qd6 $8 16. Qxd6 Bxd6 17. Nxd5 $14) 16. Rxe6+ $8 $18 fxe6 (16... Be7 {saves the , but} 17. Rxc6 {wins the game.}) 17. Bg6+ 1-0

[Event "Ottawa Winter op"]
[Site "Ottawa CAN"]
[Date "2025.01.19"]
[Round "5.10"]
[White "Kot, Emanuel"]
[Black "Rousskikh, Maxim"]
[Result "1-0"]
[Annotator "John Upper"]
[WhiteElo "2237"]
[BlackElo "2137"]
[WhiteFideId "-1"]
[BlackFideId "-1"]
[PlyCount "59"]
[Beauty "8248753140259"]
[GameId "2136100634964743"]
[EventDate "2025.01.17"]
[EventType "swiss"]
[EventRounds "5"]
[EventCountry "CAN"]
[SourceTitle "Chess Canada 25"]
[Source "JohnUpper?CFC"]
[SourceDate "2025.06.29"]
[SourceVersion "1"]
[SourceVersionDate "2026.07.01"]
[SourceQuality "1"]

1. e4 c6 2. d4 d5 3. Nc3 dxe4 4. Nxe4 Nf6 {This move has recently been far more popular than the older 4... f5.} 5. Nxf6+ exf6 6. c3 Bd6 7. Bd3 O-O 8. Qc2 Re8+ 9. Ne2 h5 $1 {[#] If you don't play either side of the Caro, this move will probably look crazy. In fact, it's been the main move since 2018, with thousands of games, and played by super-GMs like Carlsen, Nakamura, Caruana, So, and MVL -- although most of those were played in onlne blitz!?  The basic idea is simply to avoid immediately losing the h-pawn, and pushing it to h5 is at least as good as the alternatives: Black can kick away any piece on g3, and can (if necessary) play ...g6 without haning the h6-pawn. While defending h7 with 9...g6 gives White simple play with 10.h4, though that is playable too -- as are 9...h6 and the odd-looking sac 9...f5!?, which Gukesh played regularly before becoming World Champion.  It's not clear what White's best try is. A classical strategy would be to trade pieces and win an endgame with the mobile majority; but, somehow, that doesn't seem to work today as it did 100 years ago for Capablanca.} 10. O-O ({Castling long is OK too:} 10. Be3 Nd7 11. O-O-O Nf8 12. Kb1 Be6 13. c4 Rc8 14. a3 Ng6 15. Nc3 (15. c5 $2 {wins a pawn, but loses the light squares and the game} Bc7 16. Bxg6 $2 fxg6 17. Qxg6 Qd5 $19) 15... Nf4 16. Bh7+ Kh8 17. Bxf4 Bxf4 18. Bf5 g6 19. Bxe6 Rxe6 $11 {1-0 Grischuk,A (2736)-Daneshvar,B (2577) FIDE World Cup Baku 2023 (2.5)}) 10... h4 11. h3 ({White can also trade the "bad B" exploiting a tactic that comes up more than once:} 11. Bf4 $5 Rxe2 $2 (11... Na6 $1) 12. Qxe2 Bxf4 13. Qe4 {Analysis Diagram [#] The double-attack on f4 and h7 wins:} Bh6 (13... Bd6 14. Qh7+ Kf8 15. Rae1 Be6 16. Qh8+ Ke7 17. Rxe6+ $1 $18) 14. Qh7+ Kf8 15. Rae1 {the f1 is perfect right where it is} Be6 16. f4 $8 f5 17. Bxf5 $18 Qf6 18. Bxe6 fxe6 19. f5 $18) 11... Nd7 {[#]} 12. Bd2 (12. Bf4 Nf8 (12... Rxe2 $4 {is the same blunder we saw above} 13. Qxe2 Bxf4 14. Qe4 $18) 13. Qd2 Ng6 14. Bxd6 Qxd6 15. Rfe1 Be6 16. c4 Rad8 17. Rad1 {1-0 Anand,V (2743)-Gukesh,D (2754) Mumbai TechM GCL 3rd-4th rapid 2025 (1.1) White has more space and a mobile queenside majority, but SF18 rates this 0.00 on any of ...e7, ...a6, or ...f5.}) 12... Nf8 13. Rae1 {[#] Aiming for f4-f5.} g6 {So that if f4 Black has ...f5!, preventing the exciting attack we see in the next note.} (13... Bc7 $5 {An ambitious move. The computer rates this and ...g6 about the same, but you might need to play like a computer to cope with the resulting complications.} 14. f4 $1 g6 15. f5 $1 g5 $8 16. g3 $5 hxg3 17. h4 $5 $13 {Analysis Diagram [#]} Nh7 ({"This is probably how Black should do things to maintain winning chances, and now there's the pawn sacrifice} 17... c5 $5 18. dxc5 b6 $13 {opening lots of lines for Black's major pieces." - Daniel Fernandez, chesspub.com}) 18. Qd1 Bd7 19. hxg5 fxg5 {Analysis Diagram[#] No, not another "boring Caro". FYI, Houska, the Black player, has published well-reiviewed books and DVDs on the Caro, so she's no mere 2300+ IM who has stumbled into deep prep.} 20. Nxg3 $1 Bxg3 21. Rxe8+ Qxe8 22. f6 $8 g4 $8 {Blocking White's .  White is down a piece but has full comp and more than one way to play this.} 23. Qc2 (23. Kg2 $5) (23. Bc1 $5) 23... Nf8 (23... Nxf6 24. Rxf6 Bh4 $13) 24. Bc1 Bh4 $4 (24... Be6 25. Qd2 Ng6 $8 $13) 25. Qh2 $8 $18 Bxf6 26. Rxf6 Qe1+ 27. Rf1 Qe7 28. Qh6 {threat g5-f6} Ng6 29. Bxg6 fxg6 30. Qxg6+ Qg7 31. Qd6 $8 {threats: h6 or f6-g6.} Qh7 32. Bh6 $1 {threat: f8 mating.} Bf5 33. Qf6 $1 $18 {Hits the  which is pinned to the mate on f8. Black hopes for a perpetual, but it's not there.} Qc7 34. Rxf5 Qg3+ 35. Kf1 Qh3+ 36. Ke2 Re8+ 37. Kd2 {1-0 Grieve,H (2384)-Houska,J (2358) BCF-chT 2122 (4NCL) England 2021 (9.44)}) 14. Nf4 Rxe1 15. Rxe1 Kg7 16. Qd1 {[#]Critical Position ...c7 or ...e6?} Qc7 $4 {Losing, though neither player sees it yet...} (16... Ne6 $142 17. Qc1 (17. Nh5+ {fails when Black has ...h8 defending the h-file.}) 17... Bxf4 18. Bxf4 Nxf4 19. Qxf4 Be6 20. a3 {Analysis Diagram [#]} c5 $5 ({Black doesn't have to give up h4} 20... f5 21. Qe5+ Qf6 22. Qc7 Re8 $8 $11 {the only way to defend is with tricks:} 23. Qxb7 $4 Bc8 $19) 21. Qxh4 cxd4 22. Qxd4 (22. cxd4 $143 Qb6 $11 23. d5 Bxd5 24. Bc4 Bxc4 25. Qxc4 Qxb2 26. Re7 Rf8 27. a4 a6 28. g3 b5 29. axb5 axb5 30. Qd5 Qc1+ 31. Kg2 Qc4 32. Qxc4 bxc4 33. Rc7 {1/2 Sokolovsky,Y (2519)-Rozen,E (2478) EU-Cup 39th Vrnjacka Banja 2024 (6.3)}) 22... Qxd4 23. cxd4 Rd8 24. Be4 Rxd4 $1 (24... b6 $2 25. d5 Bxd5 $2 26. Rd1 $18) 25. Bxb7 a5 {Analysis Diagram [#]  30 years ago annotators would say "with good winning chances"; but today we see that SF18 says 0.00 on 10 different continuations. OTOH, I'm old, and this is a pawn-up ending with same s, so I'll go with the human/leela eval: /.}) 17. Qf3 $1 $16 ({The analysis notes below are dense because I believe it is easy to _think_ we understand a summary like "White is attacking a broken kingside with 4 pieces and Black defending with 3", it is another to actually know that you can find all the only moves to win this winning attack.} 17. Nh5+ $3 $18 gxh5 18. Qxh5 Bf4 {Not the only defensive try, but very testing, and the real solution to the previous Critical Position comes here:  Analysis Diagram  [#]} 19. Re4 $8 (19. Re8 $2 {isn't good, but shows how strong White's position is, since} Bxd2 20. Qc5 $8 Ne6 21. Qh5 Bh6 22. Rh8 $8 Kxh8 $8 23. Qxh6+ $11 {is still a draw.}) 19... Ng6 (19... Bxd2 20. Rxh4 Ng6 21. Bxg6 $18 {with skewers along the 7th or 8th.}) 20. Rxf4 $8 Nxf4 21. Qh7+ Kf8 22. Qh6+ $8 Ke7 23. Bxf4 $18 {is obviously "with comp", but SF18 says +3 (and climbing the longer it analyzes). One illustration:} Qb6 24. Qh8 Qxb2 $2 25. Bc7 {and now death on the dark squares is obvious.}) 17... Bd7 $4 {[#]Gives White a second chance.} 18. c4 $2 (18. Nh5+ $142 $18 gxh5 19. Qxh5 {White has such an overwhelming attack that even 20.e7 wins. I'll leave it for readers to explore the attacking options for themselves.}) 18... Nh7 {Third strike...} (18... Bxf4 $142) 19. Nh5+ $1 $18 gxh5 20. Bxh7 $8 Kxh7 21. Qxh5+ Kg8 {[#]} 22. Re4 (22. Bh6 $2 Bf8 $1 ({or} 22... Qc8 $1) 23. Bxf8 Rxf8 $8 24. Qxh4 (24. Re4 $4 Re8 $1 $17 {Black has a back rank mate threat, so White must allow the  trade.}) 24... Re8 25. Rxe8+ Bxe8 26. Qxf6 $13 {with a lot of pawns.}) 22... Re8 23. Rxh4 $2 (23. Rxe8+ $142 Bxe8 24. Qg4+ Kf8 (24... Kh8 $2 25. Bh6 {mates}) 25. c5 $1 Bh2+ 26. Kh1 Bd7 27. Qxh4 $18 {White traps the h2 and should win.}) 23... Kf8 $8 $13 {[#]} 24. c5 $1 Bh2+ {As in previous lines, this is the only way to save the  without blocking the king's escape square on e7, but it leaves the  and  tied up and at risk.} 25. Kh1 Be6 $2 (25... Qb8 $8 {freeing c7 for the .}) 26. Re4 $8 $18 {Pinning the  to the e7 escape square, and preparing to round up the h2.} Ke7 27. f4 $1 {Threatening both s!} f5 {[#]I assume both players were in terrible time trouble here...} 28. Qh4+ $4 (28. Qxf5 $142 $18) 28... Kd7 $8 29. Re5 f6 $4 (29... Qd8 $142 30. Qxd8+ Kxd8 31. Kxh2 f6 $1 32. Re1 Bxa2 $11) 30. Qxf6 1-0

[Event "Montcalm 6 2024-25"]
[Site "Quebec CAN"]
[Date "2025.04.10"]
[Round "3"]
[White "Boissinot, Claude"]
[Black "Bergeron, Nicolas"]
[Result "1-0"]
[Annotator "John Upper"]
[WhiteElo "1431"]
[BlackElo "1676"]
[WhiteFideId "-1"]
[BlackFideId "-1"]
[PlyCount "33"]
[Beauty "8248085981190"]
[GameId "2166194220710479"]
[EventDate "2025.03.27"]
[EventType "swiss"]
[EventRounds "5"]
[EventCountry "CAN"]
[SourceTitle "Chess Canada 25"]
[Source "JohnUpper?CFC"]
[SourceDate "2025.06.29"]
[SourceVersion "1"]
[SourceVersionDate "2026.07.01"]
[SourceQuality "1"]

1. e4 c5 2. d4 cxd4 3. c3 dxc3 {[#] The Morra Gambit... accepted! White gives up a center pawn for faster development and access to the c-file, which both combats Black's typical Sicilian play on the c-file and gives Black long-term problems finding a good square for the , which will never be safe on c7. Computers prefer Black, but diffusing White's long-term compensation is not everyone's idea of a good time. I used to think it was strange that so many Sicilian players complain when White plays the "boring" Alapin (2.c3), but then choose to transpose to an Alapin with 3... f6 rather than play a more exciting Morra. Now I think what they want is not "boring" or "exciting" openings, but openings their opponent doesn't want.} 4. Nxc3 Nc6 5. Nf3 e6 6. Bc4 Bb4 $5 {[#] One of Black's many decent options. It can leave the dark squares weak, but can help equalize with a quick ...d5.} 7. Qe2 {Stops ...d5 for now and heads for the standard Morra setup: e2, c1-somewhere, fd1, ac1.} ({White has also tried to attack this setup by keeping the  on the d-file to fight for d6.} 7. O-O Nge7 {Analysis Diagram [#]  Now 8.e2 could transpose back to the game and White's standard Morra development.} {Here are two games with GM Razvan Preotu as Black. In both, White tries to immediately attack the dark squares exposed by ...e6 and ...b4.} 8. Nb5 (8. e5 $5 d5 $11 (8... Ng6 $5 9. Bg5 Qa5 10. Nb5 a6 $8 {SF18 prefers Black, but this is probably not a position you want against Nakamura.}) 9. exd6 Qxd6 10. Nb5 Qxd1 11. Rxd1 O-O 12. Nc7 Rb8 13. Bf4 Ng6 14. Bg3 e5 15. a3 Ba5 $15 {1-0 Nakamura,H (2736)-Preotu,R (2487) Titled Tuesday intern op 16th Feb Chess.com INT blitz 2021 (9)}) ({IM Marc Esserman is the leading advocat for the Morra -- having scored a miniature win over van Wely, and cowing even Anand into declining with 3... f6 -- and wrote the best book on it. Here is what he wrote about this position:} 8. Qc2 $44 {"I am convinced that this original positional approach is best. The queen slides to c2, when White readies to meet Black's unavoidable ...d5 break with d3, fully coordinating the queen and bishop. On ...xc3, White may recapture with xc3, keeping the pawn structure whole, or even bxc3 with the queen's rook sliding to b1, depending on circumstance. Lastly, White's king's rook will take up its natural post on c1." - Esserman, Mayhem in the Morra.}) 8... O-O (8... d5 $1 9. exd5 exd5 10. Bxd5 Nxd5 11. Qxd5 O-O {Black has the -pair on an open board.}) 9. a3 $1 d5 10. axb4 dxc4 11. Nd6 $6 (11. Qxd8 $1 Rxd8 12. Nc7 Rb8 13. b5 Nb4 $14) 11... Nxb4 12. e5 Nf5 $1 13. Bf4 $2 Nd3 $19 14. Bg3 Nxd6 15. exd6 b5 $19 {1-0 Obregon Rivero,J (2463)-Preotu,R (2497) 3rd Thursday Jan 29th Chess.com INT blitz 2026 (7)}) 7... Nge7 8. O-O a6 9. Rd1 d6 10. Be3 Qc7 {[#] Black's  will be a tactical target for the white rooks. Putting it on b8, as happens in the game, does not work out well. Maybe he should leave it on d8 for now (where it stays in contact with the kingside dark squares) and play ...d7, unpinning the d-pawn, connecting the majors, and possibly saving a tempo with ...d8-b8 in one move, if necessary!?} 11. Rac1 $14 O-O 12. Bd3 Qb8 $2 {[#] Critical Position Does e5 and xh7+ work, or is there anything better?} 13. e5 $1 {Very strong.} ({The computer shows that even stronger was} 13. Na4 $3 {which looks like it's heading to the wrong side of the board if you're about to launch a kingside attack. It works because it creates queenside threats which both uncoordinate Black and enable White to use the e3. The queenside threat is to establish a suffocating bind with b6.} Ba5 {The only move to guard b6, and also prepares ...b5; but now White has a better version of the kingside attack we see in the game:} 14. e5 $1 {Analysis Diagram [#]} d5 $5 {Loses, but requires much more ingenuity from White} (14... dxe5 15. Bxh7+ $18 {with a standard Greek Gift win: Black can't get additional defenders to h7.} Kxh7 16. Ng5+ Kg6 17. Qg4 $8 $18) (14... Nxe5 {To trade off the attacking f3.} 15. Nxe5 $8 dxe5 16. Bxh7+ $1 (16. Bc5 $1 {transposing.}) 16... Kxh7 17. Bc5 $1 $18 {hits the e7, clears the 3rd rank for a  lift, and may even come back to the kingside with d6 (tempo on ) and xe5.}) 15. Bxh7+ Kxh7 16. Ng5+ Kg6 {Analysis Diagram [#] Critical Position} 17. Rxc6 $3 {Trades a non-attacker for a ready defender.} (17. Qg4 $2 {shows why White has to eliminate one of the s:} Nxe5 18. Qh3 $8 Nf5 $8 19. Bf4 $8 $13) 17... Nxc6 18. Bf4 $8 $18 {defends e5 and the X-ray to the  means Black can't block checks on the b1-h7 with ...f5 (en passant wins the ), so it's now or never.} f5 $1 {Stops checks from c2 or d3 while the e5 pawn is pinned to the . Black hopes to defend with ...d8 and ...h8.} 19. Rd3 $8 $18 {and g3 or h3, depending on which defence Black tries.}) 13... Nxe5 14. Bxh7+ $5 (14. Nxe5 dxe5 15. Qg4 {don't overlook the tempo on the loose b4!} Bxc3 16. Bxh7+ $1 $40) 14... Kh8 $4 {This just hands over the point.} ({Black has to go} 14... Kxh7 $8 15. Ng5+ Kg6 $8 {Analysis Diagram [#]  White's attack continues, but there's no win; e.g.} 16. f4 f6 17. fxe5 fxg5 18. Qg4 Bxc3 $13) 15. Nxe5 $1 (15. Ng5 g6 16. Nce4 $18 (16. Rd4 $18)) 15... dxe5 (15... Kxh7 16. Qh5+ Kg8 {and White has an overwhelming postion without even being down a piece.}) 16. Qh5 Bxc3 17. Bg6+ {Black still can't defend h7.} 1-0